ARRUPE JESUIT UNIVERSITY

CORONAVIRUS -STOP THE SPREAD - CLEAN,DISINFECT,COVER

Beautiful shadow : (Record no. 118181)

MARC details
000 -LEADER
fixed length control field 00906cam a22002774a 4500
001 - CONTROL NUMBER
control field 4083054
003 - CONTROL NUMBER IDENTIFIER
control field ARRUPE
005 - DATE AND TIME OF LATEST TRANSACTION
control field 20150728020011.0
008 - FIXED-LENGTH DATA ELEMENTS--GENERAL INFORMATION
fixed length control field 030530s2003 enkacf b 001 0beng
020 ## - INTERNATIONAL STANDARD BOOK NUMBER
International Standard Book Number 1582341982
035 ## - SYSTEM CONTROL NUMBER
System control number (OCoLC)223708632
035 ## - SYSTEM CONTROL NUMBER
System control number (OCoLC)ocn223708632
035 ## - SYSTEM CONTROL NUMBER
System control number (NNC)4083054
040 ## - CATALOGING SOURCE
Original cataloging agency NNC
Transcribing agency NNC
300 ## - PHYSICAL DESCRIPTION
Dimensions 24 cm.
100 1# - MAIN ENTRY--PERSONAL NAME
Personal name Wilson, Andrew.
9 (RLIN) 1830
245 10 - TITLE STATEMENT
Title Beautiful shadow :
Remainder of title a life of Patricia Highsmith /
Statement of responsibility, etc Andrew Wilson.
250 ## - EDITION STATEMENT
Edition statement 1st US ed.
260 ## - PUBLICATION, DISTRIBUTION, ETC. (IMPRINT)
Place of publication, distribution, etc New York :
Name of publisher, distributor, etc Bloomsbury,
Date of publication, distribution, etc 2003.
300 ## - PHYSICAL DESCRIPTION
Extent 534 p., [16] p. of plates :|bill., ports. ;
504 ## - BIBLIOGRAPHY, ETC. NOTE
Bibliography, etc Includes bibliographical references and index.
600 10 - SUBJECT ADDED ENTRY--PERSONAL NAME
Personal name Highsmith, Patricia,
Dates associated with a name 1921-1995.
9 (RLIN) 1831
650 #0 - SUBJECT ADDED ENTRY--TOPICAL TERM
Topical term or geographic name as entry element Women novelists, American
Chronological subdivision 20th century
Form subdivision Biography.
9 (RLIN) 1832
650 #0 - SUBJECT ADDED ENTRY--TOPICAL TERM
Topical term or geographic name as entry element Novelists, American
Chronological subdivision 20th century
Form subdivision Biography.
9 (RLIN) 1833
942 ## - ADDED ENTRY ELEMENTS (KOHA)
Source of classification or shelving scheme Library of Congress Classification
Koha item type Monograph ( Printed materials)
Koha issues (borrowed), all copies 1
Holdings
Withdrawn status Lost status Source of classification or shelving scheme Damaged status Not for loan Home library Current library Date acquired Total Checkouts Full call number Barcode Date last seen Date checked out Price effective from Koha item type
    Library of Congress Classification     ARRUPE LIBRARY ARRUPE LIBRARY 01/10/2013 1 PS3558.I366 Z95 2003 46411421 09/11/2015 27/07/2015 01/10/2013 Monograph ( Printed materials)

 

Arrupe Library. PO Box MP320 Mt Pleasant, Harare, Zimbabwe
263 242 745411|librarian@aju.ac.zw